00410nam a2200121Ia 4500003000400000005001700004008004100021040001800062041000800080100004200088245012400130260003400254OSt20260123105518.0211028s2016 xx 000 0 und d cAIMIT LIBRARY aeng aEmmanual, John; P V Sumitha.g1416066 aStudy on the impact of the marketing strategies of Nissan Terrano cars on car buyers from the evm automobiles pvt ltd / aMangalorebP V Sumitha.c2016